000 01547nam a2200265Ia 4500
999 _c54916
_d54916
001 21987
003 GE_BSU
005 20220922153404.0
008 181216s ||||ge |||||||||||||| ||geo||
040 _cGE_BSU
041 _ageo
080 _a821.111(73)-31 ლ-53
100 _aლი, ჰარპერ
_914709
245 _aნუ მოკლავ ჯაფარას = TO KILL A MOCKINGBIRD :
_b[ამერიკელი მწერლის მოთხრობა] /
_cჰარპერ ლი ; ინგლისურიდან თარგმნა ლ. დუმბაძემ ; რედ. ა. ბეშიძე.
264 _aბათუმი :
_bსაბჭოთა აჭარა,
_c1985.
300 _a139 გვ. ;
_c20 სმ.
541 _h3ლ.
653 _aამერიკელი მწერლის მოთხრობა
653 _aმხატვრული ლიტერატურა
653 _aნუ მოკლავ ჯაფარას
700 _aდუმბაძე, მ.
_eმთარგმნელი
_91562
700 _aბეშიძე, ა.
_eრედაქტორი
_914710
710 _aსაქართველოს მწერალთა კავშირთან არსებული მხატვრული თარგმანისა და ლიტერატურული ურთიერთობების მთავარი სარედაქციო კოლეგია
_914711
942 _cBK
_2udc